Čím se líší mentoring a koučink
Nejasnosti v tom, čo je koučink a mentoring. Definície pojmov. Kedy ich aplikovať.
Gespeichert in:
| 1. Verfasser: | |
|---|---|
| Format: | Buchkapitel |
| Sprache: | Tschechisch |
| Schlagworte: | |
| Tags: |
Keine Tags, Fügen Sie das erste Tag hinzu!
|
MARC
| LEADER | 00000naa a2200000 4500 | ||
|---|---|---|---|
| 001 | 0166325 | ||
| 005 | 20231019120333.9 | ||
| 041 | 0 | |a cze | |
| 044 | |a CZ | ||
| 245 | 1 | 0 | |a Čím se líší mentoring a koučink |c Tim Šlapák |
| 520 | |a Nejasnosti v tom, čo je koučink a mentoring. Definície pojmov. Kedy ich aplikovať. | ||
| 610 | 2 | 0 | |a koučovanie |
| 610 | 2 | 0 | |a mentoring |
| 610 | 2 | 0 | |a vedenie ľudí |
| 100 | 1 | |a Šlapák, Tim | |